[Event "Wch U16 Girls"]
[Site "Heraklio"]
[Date "2004.11.06"]
[EventDate "?"]
[Round "3"]
[Result "1/2-1/2"]
[White "Sandra Djukic"]
[Black "Tatev Abrahamyan"]
[WhiteElo "2028"]
[BlackElo "2238"]
[PlyCount "118"]

1. d4 Nf6 2. Nf3 c5 3. e3 e6 4. Be2 d5 5. O-O cxd4 6. exd4 Be7
7. c3 O-O 8. Bg5 Nc6 9. Nbd2 Rb8 10. a4 a6 11. Qc2 b5 12. axb5
axb5 13. b4 Ne8 14. Bxe7 Qxe7 15. Bd3 g6 16. Nb3 Nd6 17. Nc5
f6 18. Rfe1 Re8 19. Nd2 Qf7 20. Ndb3 e5 21. dxe5 fxe5 22. Na5
Nxa5 23. Rxa5 Bf5 24. Bxf5 Nxf5 25. Qe2 Nd6 26. Ra6 Rbd8
27. Nd3 Ne4 28. Rc1 Rc8 29. Ra3 Rc4 30. f3 Nd6 31. Ra6 Qc7
32. Nc5 d4 33. Qd2 Nf5 34. Raa1 dxc3 35. Rxc3 Rxc3 36. Qxc3
Qd6 37. Qb3+ Kg7 38. Rd1 Nd4 39. Qd3 Rd8 40. Kf2 Qd5 41. Qe3
Ra8 42. Rd2 Ra2 43. Nb3 Rxd2+ 44. Nxd2 Nf5 45. Qc3 Qd4+
46. Qxd4 Nxd4 47. Ke3 Nc2+ 48. Ke4 Nxb4 49. Kxe5 Nd3+ 50. Kd4
Nf4 51. g3 Ne6+ 52. Kd5 Kf6 53. Kc6 Ke5 54. Kxb5 Kd4 55. Ne4
Ke3 56. Nf6 Kxf3 57. Nxh7 Kg2 58. Kc6 Kxh2 59. Kd6 Kxg3
1/2-1/2

[Event "PAN u18g"]
[Site "Cuenca"]
[Date "2006.??.??"]
[EventDate "?"]
[Round "8"]
[Result "0-1"]
[White "Yesmar Yoneidis Araujo Freitez"]
[Black "Tatev Abrahamyan"]
[WhiteElo "2044"]
[BlackElo "2269"]
[PlyCount "72"]

1. e4 e6 2. d4 d5 3. exd5 exd5 4. Bd3 Bd6 5. Nc3 Ne7 6. Qf3
Nbc6 7. Nge2 Be6 8. a3 a6 9. Bf4 Bxf4 10. Qxf4 Qd7 11. Ng3 Ng6
12. Bxg6 hxg6 13. O-O-O O-O-O 14. Kb1 Qe7 15. Qe3 Na5 16. Na4
Nc4 17. Qb3 b6 18. h3 Qd7 19. Rd3 Qc6 20. Ka2 Bd7 21. Nc3 Rhe8
22. Rhd1 g5 23. Nce2 f5 24. f4 gxf4 25. Nxf4 g5 26. Nfh5 Qh6
27. Rc3 f4 28. Rf1 fxg3 29. Rf6 Qxh5 30. Rxb6 cxb6 31. Qxb6
Bb5 32. Qa7 Rd7 33. Qa8+ Kc7 34. Qa7+ Kd6 35. Qc5+ Ke6 36. b3
Qd1 0-1

[Event "?"]
[Site "?"]
[Date "2006.10.23"]
[EventDate "?"]
[Round "5"]
[Result "0-1"]
[White "Tatev Abrahamyan"]
[Black "Dronavalli Harika"]
[WhiteElo "2292"]
[BlackElo "2353"]
[PlyCount "70"]

1.e4 c5 2.Nf3 Nc6 3.d4 cxd4 4.Nxd4 Nf6 5.Nc3 e5 6.Ndb5 d6
7.Bg5 a6 8.Na3 b5 9.Nd5 Be7 10.Bxf6 Bxf6 11.c3 Bg5 12.Nc2 Ne7
13.Ncb4 O-O 14.a4 bxa4 15.Rxa4 a5 16.Nxe7 Qxe7 17.Nd5 Qb7
18.h4 Bh6 19.b3 Kh8 20.Bc4 f5 21.exf5 Bxf5 22.O-O Bd7 23.Ra2
Bc6 24.Qd3 Ra7 25.Rfa1 Qa8 26.b4 Qd8 27.g3 Raf7 28.bxa5 Rf3
29.Qe2 Qd7 30.Qe4 Qa7 31.Rf1 Rxg3 32.Kh2 Rg6 33.Qe2 Bf4 34.Kh1
Qa8 35.Qd3 Qd8 0-1

[Event "OCF Winter NAO FIDE Open"]
[Site "Stillwater USA"]
[Date "2007.02.18"]
[EventDate "2007.02.17"]
[Round "4"]
[Result "0-1"]
[White "Tatev Abrahamyan"]
[Black "Magesh Chandran Panchanathan"]
[WhiteElo "2295"]
[BlackElo "2466"]
[PlyCount "66"]

1. e4 e5 2. Nf3 Nc6 3. Bc4 Nf6 4. d3 Be7 5. O-O O-O 6. Re1 d6
7. c3 Na5 8. Bb5 a6 9. Ba4 b5 10. Bc2 c5 11. Nbd2 Nc6 12. Nf1
Nd7 13. Ne3 Nb6 14. d4 cxd4 15. cxd4 Nxd4 16. Nxd4 exd4
17. Qxd4 Be6 18. Qd3 g6 19. Bd2 Bf6 20. Ba5 Qb8 21. Bc3 Bxc3
22. Qxc3 Rc8 23. Qd4 Nc4 24. Bb3 Qb6 25. Qf6 Qd8 26. Qd4 Nxe3
27. Rxe3 Bxb3 28. axb3 Rc2 29. Rd3 Rac8 30. Rxa6 Rc1+ 31. Rd1
Qf6 32. e5 Qxe5 33. Qd2 Qxb2 0-1

[Event "Foxwoods 07"]
[Site "?"]
[Date "2007.04.05"]
[EventDate "?"]
[Round "2"]
[Result "0-1"]
[White "Andres Castaneda"]
[Black "Tatev Abrahamyan"]
[WhiteElo "2032"]
[BlackElo "2289"]
[PlyCount "122"]

1. e4 {Notes by Andres Castaneda} e6 2. d4 d5 3. Nd2 Be7
4. Bd3 c5 5. dxc5 Nf6 6. exd5 Qxd5 7. Ngf3 Nbd7 8. O-O Nxc5
9. Bc4 Qh5 10. Re1 Ncd7 11. Nf1 O-O 12. Qe2 Re8 13. Bg5 Nb6
14. Ng3 Qg4 15. b3 $6 {An over optimistic attempt to trap the
queen.} (15. Bd3 $14) 15... Nh5 16. Bxe7 Nxg3 17. Qd3 Nh5
18. Bd6 Nxc4 19. Re4 Nb2 20. Qb5 Bd7 21. Qxb7 Qf5 22. Ne5
(22. Re5 $11) 22... Nf6 23. Re2 Rad8 24. Ba3 Rc8 $2 25. Rc1 $2
(25. Bxb2 Rxc2 26. g4 $1 $18) 25... Rb8 $11 26. Qc7 Bb5 $4
27. Qxf7+ $18 Kh8 28. Ree1 Na4 29. bxa4 Bxa4 30. Bd6
(30. Qxa7) 30... Rbc8 31. c4 Ne4 32. Qxf5 $2 {The mutual time
trouble made for many errors in the next moves until the time
control.} (32. Qxa7 $18) 32... exf5 $11 33. c5 $2 (33. Nf7+
Kg8 34. f3 $11) 33... Kg8 $2 (33... Nxd6 34. cxd6 Rxc1
35. Rxc1 Rxe5 $17) 34. Nf3 (34. f4 $16) 34... Nxd6 35. cxd6
Rxc1 36. Rxc1 Rd8 37. Rd1 $4 Kf7 $2 {Free rook?} 38. Ne5+ Ke6
39. Nc4 $4 Bb5 $2 40. Na3 Ba6 41. Nc2 Rxd6 42. Rxd6+ Kxd6 {
The time scramble is over and white finds himself in a
hopeless ending.} 43. Nb4 Bb7 44. f3 Kc5 45. Nd3+ Kd4 46. Nf4
Kc3 47. Ne6 g6 48. Nf8 Bd5 49. Nxh7 Bxa2 50. Nf8 Bf7 (50... a5
51. Nxg6 a4 {The pawn is unstoppable!}) 51. Nd7 a5 52. Nb6 Kb4
53. Kf2 Kb5 54. Nc8 Be6 55. Ne7 a4 56. Nxg6 a3 57. Nf4 Bc4
58. Ne2 Bxe2 59. Kxe2 a2 60. Ke3 a1=Q 61. Kf4 Qb2 0-1

[Event "World Open"]
[Site "King of Prussia USA"]
[Date "2007.07.03"]
[EventDate "2007.06.28"]
[Round "7"]
[Result "1-0"]
[White "Denys Shmelov"]
[Black "Tatev Abrahamyan"]
[WhiteElo "2363"]
[BlackElo "2265"]
[PlyCount "49"]

1. d4 Nf6 2. c4 c5 3. d5 b5 4. Nf3 Bb7 5. a4 bxc4 6. Nc3 e6
7. e4 Qa5 8. Bd2 Qb6 9. a5 Qd8 10. Bxc4 exd5 11. a6 Bc8
12. Nxd5 Nc6 13. Bf4 d6 14. O-O Be6 15. Re1 Nb4 16. Nxf6 gxf6
17. Qa4 Ke7 18. Bxe6 fxe6 19. Rad1 Kf7 20. e5 Qe8 21. Qb3 dxe5
22. Bxe5 Bg7 23. Bc3 Rb8 24. Rxe6 Nc6 25. Rxf6 1-0

[Event "World Open"]
[Site "King of Prussia USA"]
[Date "2007.07.04"]
[EventDate "2007.06.28"]
[Round "9"]
[Result "1/2-1/2"]
[White "Tatev Abrahamyan"]
[Black "Alessandro Steinfl"]
[WhiteElo "2265"]
[BlackElo "2275"]
[PlyCount "44"]

1. e4 c6 2. d4 d5 3. Nc3 dxe4 4. Nxe4 Nf6 5. Nxf6 exf6 6. c3
Bd6 7. Bd3 O-O 8. Ne2 Re8 9. O-O Be6 10. Bf4 a5 11. Qc2 g6
12. Rfe1 Na6 13. Rad1 a4 14. Bxd6 Qxd6 15. Qxa4 Nc7 16. Qc2
Rxa2 17. c4 Qb4 18. Rb1 Rd8 19. Qc3 Ra4 20. d5 cxd5 21. Qxf6
Raa8 22. c5 d4 1/2-1/2

[Event "World Junior Championship (Girls)"]
[Site "Yerevan ARM"]
[Date "2007.10.04"]
[EventDate "2007.10.03"]
[Round "2"]
[Result "1-0"]
[White "Tatev Abrahamyan"]
[Black "Lia Martirosyan"]
[WhiteElo "2246"]
[BlackElo "2121"]
[PlyCount "89"]

1. e4 c6 2. d4 d5 3. Nd2 dxe4 4. Nxe4 Bf5 5. Ng3 Bg6 6. h4 h6
7. Nf3 Nd7 8. h5 Bh7 9. Bd3 Bxd3 10. Qxd3 e6 11. Bd2 Qc7
12. O-O-O Ngf6 13. Ne4 O-O-O 14. g3 Nxe4 15. Qxe4 Bd6 16. c4
c5 17. Bc3 cxd4 18. Nxd4 a6 19. Kb1 Rhe8 20. Nb3 f5 21. Qc2
Be5 22. Bb4 Nb8 23. f4 Nc6 24. Rxd8+ Rxd8 25. Bc5 Bf6 26. a3
Na5 27. Bb4 Nxb3 28. Qxb3 Qd7 29. Ba5 Qd3+ 30. Qc2 Rd4 31. Rc1
Qxg3 32. Qa4 Qd3+ 33. Ka2 Rd7 34. Re1 Qd6 35. Bb4 Qxf4 36. Qb3
Rc7 37. c5 e5 38. Qg8+ Bd8 39. Rd1 Qg5 40. Qe6+ Kb8 41. Ba5
Rc8 42. Qxe5+ Ka8 43. Qe8 b6 44. Bxb6 Qe7 45. Qg8 1-0

[Event "World Junior Championship (Girls)"]
[Site "Yerevan ARM"]
[Date "2007.10.05"]
[EventDate "2007.10.03"]
[Round "3"]
[Result "0-1"]
[White "Tatev Abrahamyan"]
[Black "Vera Nebolsina"]
[WhiteElo "2246"]
[BlackElo "2349"]
[PlyCount "66"]

1. e4 c5 2. Nf3 Nc6 3. d4 cxd4 4. Nxd4 e5 5. Nb5 d6 6. N1c3 a6
7. Na3 b5 8. Nd5 Nge7 9. c4 Nxd5 10. cxd5 Nb8 11. Nc2 Be7
12. Bd3 O-O 13. O-O Nd7 14. Nb4 Bb7 15. a4 bxa4 16. Be3 Bg5
17. Bxg5 Qxg5 18. Bc2 Nc5 19. Re1 Bc8 20. Nc6 f5 21. Ra3 fxe4
22. Bxe4 Rf4 23. Bc2 Bg4 24. f3 Bh5 25. Qd2 Raf8 26. Bxa4 e4
27. Bd1 Nd3 28. Re3 Bxf3 29. Bxf3 exf3 30. Raxd3 f2+ 31. Kf1
Qxg2+ 32. Kxg2 f1=Q+ 33. Kg3 Rf2 0-1

[Event "World Junior Championship (Girls)"]
[Site "Yerevan ARM"]
[Date "2007.10.06"]
[EventDate "2007.10.03"]
[Round "4"]
[Result "0-1"]
[White "P Priya"]
[Black "Tatev Abrahamyan"]
[WhiteElo "2129"]
[BlackElo "2246"]
[PlyCount "62"]

1. e4 e6 2. d4 d5 3. e5 c5 4. c3 Nc6 5. Nf3 Qb6 6. a3 Nh6
7. b4 cxd4 8. cxd4 Nf5 9. Bb2 Bd7 10. h4 Rc8 11. Qd2 h5 12. g3
g6 13. Be2 Bh6 14. Qd3 Na5 15. Nbd2 Nc4 16. Bc3 Ba4 17. Ng5 a6
18. Nxc4 dxc4 19. Qd2 Rd8 20. Qf4 O-O 21. d5 exd5 22. g4 hxg4
23. Bxg4 d4 24. Bxf5 dxc3 25. e6 fxe6 26. Bxe6+ Qxe6+ 27. Nxe6
Bxf4 28. Nxf8 Kxf8 29. h5 c2 30. hxg6 Rd1+ 31. Ke2 Rxa1 0-1

[Event "World Junior Championship (Girls)"]
[Site "Yerevan ARM"]
[Date "2007.10.07"]
[EventDate "2007.10.03"]
[Round "5"]
[Result "1-0"]
[White "Tatev Abrahamyan"]
[Black "Simona Limontaite"]
[WhiteElo "2246"]
[BlackElo "2141"]
[PlyCount "73"]

1. e4 c5 2. Nf3 Nc6 3. d4 cxd4 4. Nxd4 Nf6 5. Nc3 e5 6. Ndb5
d6 7. Bg5 a6 8. Na3 b5 9. Nd5 Be7 10. Bxf6 Bxf6 11. c3 Ne7
12. Nxf6+ gxf6 13. Nc2 Bb7 14. Bd3 d5 15. exd5 Qxd5 16. Ne3
Qe6 17. a4 Rd8 18. Qc2 e4 19. Be2 O-O 20. axb5 axb5 21. Bxb5
f5 22. g3 Ng6 23. O-O f4 24. gxf4 Nxf4 25. Kh1 Kh8 26. Rg1 Nd3
27. Rg2 Ne5 28. c4 f5 29. Ra7 Rf7 30. Qc3 Rd3 31. Qa5 Qc8
32. Ba6 Nc6 33. Qa1 f4 34. b4+ Nd4 35. Bxb7 Rxb7 36. Ra8 Rb8
37. Qa7 1-0

[Event "World Junior Championship (Girls)"]
[Site "Yerevan ARM"]
[Date "2007.10.09"]
[EventDate "2007.10.03"]
[Round "7"]
[Result "1/2-1/2"]
[White "Tatev Abrahamyan"]
[Black "Anna Hairapetian"]
[WhiteElo "2246"]
[BlackElo "2030"]
[PlyCount "132"]

1. e4 c5 2. Nf3 Nc6 3. d4 cxd4 4. Nxd4 Nf6 5. Nc3 e5 6. Ndb5
d6 7. Bg5 a6 8. Na3 b5 9. Nd5 Be7 10. Bxf6 Bxf6 11. c3 Bg5
12. Nc2 O-O 13. a4 bxa4 14. Rxa4 a5 15. Bc4 Rb8 16. b3 Kh8
17. O-O f5 18. Re1 fxe4 19. Rxe4 Bf5 20. Re2 Bg6 21. Qe1 Qd7
22. Nce3 e4 23. Rea2 Bd8 24. b4 axb4 25. cxb4 Ne5 26. Ra7 Rb7
27. Qa1 Bh4 28. Ra8 Be8 29. Ba6 Ra7 30. Bc8 Rxa2 31. Qxa2 Qc6
32. g3 Nf3+ 33. Kg2 Qc1 34. Qa1 Qxa1 35. Rxa1 Bg5 36. Bb7 Bb5
37. Nc3 Bf6 38. Rc1 Bxc3 39. Rxc3 Ne1+ 40. Kg1 Nd3 41. Bxe4
Nxf2 42. Bf5 g6 43. Kxf2 gxf5 44. Nd5 Kg7 45. Rc7+ Rf7 46. Ke3
Rxc7 47. Nxc7 Bd7 48. b5 Kf6 49. b6 Bc6 50. Nb5 Ke5 51. Nd4
Bb7 52. Nb3 d5 53. Nc5 d4+ 54. Kf2 Bc6 55. b7 Bxb7 56. Nxb7 f4
57. Kf3 fxg3 58. hxg3 d3 59. Nc5 d2 60. Nd3+ Kf5 61. Nf2 h5
62. Nd1 Kg5 63. Nf2 Kf5 64. Ke2 h4 65. gxh4 d1=Q+ 66. Kxd1 Kg6
1/2-1/2

[Event "World Junior Championship (Girls)"]
[Site "Yerevan ARM"]
[Date "2007.10.12"]
[EventDate "2007.10.03"]
[Round "9"]
[Result "0-1"]
[White "Tatev Abrahamyan"]
[Black "Sopiko Guramishvili"]
[WhiteElo "2246"]
[BlackElo "2307"]
[PlyCount "90"]

1. e4 c5 2. Nf3 d6 3. d4 cxd4 4. Nxd4 Nf6 5. Nc3 Nc6 6. f3 e5
7. Nb3 Be7 8. Be3 O-O 9. Qd2 a5 10. Bb5 Be6 11. O-O-O a4
12. Bxa4 Na5 13. Kb1 Nc4 14. Qe1 Qb8 15. Bb5 Rc8 16. g4 Qc7
17. Bxc4 Bxc4 18. g5 Nd7 19. h4 b5 20. Rh2 Qb7 21. Nd5 Bf8
22. Nc1 Nc5 23. a3 Na4 24. Na2 Bxd5 25. Rxd5 Qa6 26. c3 Nc5
27. h5 Ne6 28. g6 fxg6 29. hxg6 h6 30. Qd1 Qc6 31. Qb3 Rab8
32. Nb4 Qe8 33. f4 exf4 34. Bd4 Qxg6 35. Rf5 Kh7 36. Ka2 Re8
37. Nc6 Nxd4 38. cxd4 Rxe4 39. Rxf4 Rxf4 40. Nxb8 Rxd4
41. Qxb5 Rd1 42. Nc6 Qe6+ 43. b3 Qe4 44. Rb2 Qe1 45. Rc2 g6
0-1

[Event "World Junior Championship (Girls)"]
[Site "Yerevan ARM"]
[Date "2007.10.15"]
[EventDate "2007.10.03"]
[Round "12"]
[Result "1-0"]
[White "Bela Khotenashvili"]
[Black "Tatev Abrahamyan"]
[WhiteElo "2328"]
[BlackElo "2246"]
[PlyCount "81"]

1. d4 Nf6 2. g3 g6 3. Bg2 Bg7 4. e4 d6 5. Nc3 O-O 6. Nge2 Nbd7
7. O-O e5 8. h3 c6 9. a4 b6 10. Bg5 h6 11. Be3 Qc7 12. Qd2 Kh7
13. g4 a6 14. f4 Bb7 15. dxe5 dxe5 16. f5 b5 17. a5 b4 18. Na4
c5 19. Ng3 Rad8 20. Qf2 c4 21. Nc5 Nb8 22. fxg6+ fxg6 23. Ne6
Qc8 24. Nxf8+ Rxf8 25. Qe1 Nc6 26. c3 bxc3 27. bxc3 Rd8 28. g5
hxg5 29. Bxg5 Qe6 30. Ne2 Rd3 31. Qh4+ Nh5 32. Rf3 Nxa5
33. Ng3 Nb3 34. Raf1 Rd7 35. Nxh5 gxh5 36. Qxh5+ Kg8 37. Rg3
Rf7 38. Rd1 Nc5 39. Rd8+ Rf8 40. Bh6 Rxd8 41. Rxg7+ 1-0

[Event "Yinzhou Cup Women World Teams"]
[Site "Ningbo CHN"]
[Date "2009.09.02"]
[EventDate "2009.09.02"]
[Round "1"]
[Result "1/2-1/2"]
[White "Tatev Abrahamyan"]
[Black "Joanna Majdan-Gajewska"]
[WhiteElo "2275"]
[BlackElo "2361"]
[PlyCount "120"]

1. e4 c5 2. Nf3 Nc6 3. d4 cxd4 4. Nxd4 Nf6 5. Nc3 d6 6. f3 e5
7. Nb3 Be7 8. Be3 O-O 9. Qd2 Be6 10. Rd1 a5 11. Bb5 Na7
12. Bd3 Nc8 13. O-O a4 14. Nc1 Nb6 15. Qf2 Nc4 16. Bxc4 Bxc4
17. Rfe1 Qc8 18. a3 Rd8 19. Bb6 Rd7 20. Nd3 Bxd3 21. Rxd3 Qc6
22. Red1 Rc8 23. R1d2 h6 24. Nd5 Nxd5 25. Rxd5 Bh4 26. g3 Bg5
27. Be3 Be7 28. c3 Rdd8 29. Qe2 Rf8 30. f4 exf4 31. Bxf4 Rfe8
32. Bxd6 Bxd6 33. Rxd6 Qxe4 34. Qxe4 Rxe4 35. Rd8+ Rxd8
36. Rxd8+ Kh7 37. Rd7 Re2 38. Rxb7 f5 39. Rb4 g5 40. c4 Kg6
41. c5 Rc2 42. Rxa4 Rxc5 43. b4 Rc1+ 44. Kf2 Rb1 45. Ra6+ Kh5
46. Ke3 Rb2 47. Kd4 Rxh2 48. b5 Rb2 49. Kc5 Kg4 50. Rxh6 Kxg3
51. a4 f4 52. a5 Rc2+ 53. Kb6 f3 54. a6 f2 55. Rf6 g4 56. a7
Ra2 57. Kb7 Kg2 58. a8=Q Rxa8 59. Kxa8 f1=Q 60. Rxf1 Kxf1
1/2-1/2

[Event "Yinzhou Cup Women World Teams"]
[Site "Ningbo CHN"]
[Date "2009.09.03"]
[EventDate "2009.09.02"]
[Round "2"]
[Result "0-1"]
[White "Siranush Andriasian"]
[Black "Tatev Abrahamyan"]
[WhiteElo "2234"]
[BlackElo "2275"]
[PlyCount "112"]

1. e4 e6 2. d4 d5 3. Nc3 Bb4 4. Nge2 dxe4 5. a3 Bxc3+ 6. Nxc3
Nc6 7. d5 exd5 8. Qxd5 Qe7 9. Qxe4 Bf5 10. Qxe7+ Ngxe7 11. Bf4
O-O-O 12. Rc1 Nd4 13. Bd3 Bxd3 14. cxd3 Ne6 15. Bg3 Rxd3
16. O-O Nc6 17. Rfe1 Rhd8 18. h3 a6 19. b4 Ned4 20. Re3 Nf5
21. Rf3 Rxf3 22. gxf3 Nxg3 23. fxg3 Rd3 24. Kf2 Nd4 25. f4 Nb5
26. Nxb5 axb5 27. Ra1 b6 28. a4 bxa4 29. Rxa4 Kb7 30. Ra2 Rd7
31. b5 Rd5 32. Rb2 f5 33. Ke3 c6 34. bxc6+ Kxc6 35. g4 g6
36. Ra2 b5 37. gxf5 gxf5 38. Ra6+ Kc5 39. Rh6 b4 40. Rxh7 b3
41. Rb7 Kc4 42. h4 Rd3+ 43. Ke2 Rh3 44. Rc7+ Kd4 45. Rb7 b2
46. Kd1 Rxh4 47. Kc2 Rh2+ 48. Kb1 Ke3 49. Rb4 Kf3 50. Ka2 Kg3
51. Kb1 Rf2 52. Ka2 Rxf4 53. Rb8 Rf2 54. Rg8+ Kf3 55. Rf8 f4
56. Rf7 Re2 0-1

[Event "Yinzhou Cup Women World Teams"]
[Site "Ningbo CHN"]
[Date "2009.09.04"]
[EventDate "2009.09.02"]
[Round "3"]
[Result "1-0"]
[White "Tatev Abrahamyan"]
[Black "Thi Kim Phung Vo"]
[WhiteElo "2275"]
[BlackElo "2078"]
[PlyCount "45"]

1. e4 c5 2. Nf3 Nc6 3. d4 cxd4 4. Nxd4 Nf6 5. Nc3 g6 6. Nxc6
bxc6 7. e5 Ng8 8. Bc4 Qa5 9. Bf4 Bg7 10. Qf3 f5 11. O-O-O Bxe5
12. Bxe5 Qxe5 13. Rhe1 Qf6 14. Bxg8 Rxg8 15. Nd5 Qg5+ 16. Kb1
Kf8 17. Nxe7 Rg7 18. Qc3 f4 19. Re5 Qh4 20. g3 Qg4 21. f3 Qh3
22. Qc5 Ba6 23. Nc8+ 1-0

[Event "Yinzhou Cup Women World Teams"]
[Site "Ningbo CHN"]
[Date "2009.09.05"]
[EventDate "2009.09.02"]
[Round "4"]
[Result "1-0"]
[White "Valentina Gunina"]
[Black "Tatev Abrahamyan"]
[WhiteElo "2437"]
[BlackElo "2275"]
[PlyCount "75"]

1. d4 Nf6 2. c4 g6 3. Nc3 Bg7 4. Nf3 d6 5. g3 O-O 6. Bg2 Nc6
7. O-O a6 8. b3 Rb8 9. e3 b5 10. Qe2 b4 11. Na4 Nd7 12. Bb2 e5
13. d5 Na5 14. Qd2 Qe7 15. Ne1 Nc5 16. Nxc5 dxc5 17. e4 Bd7
18. Nd3 Nb7 19. Rae1 a5 20. f4 f6 21. Qf2 a4 22. Bc1 Ra8
23. Be3 Ra5 24. h3 c6 25. g4 axb3 26. axb3 g5 27. fxe5 fxe5
28. Qd2 h6 29. Rxf8+ Bxf8 30. h4 cxd5 31. exd5 Bxg4 32. hxg5
Qc7 33. gxh6 Bf5 34. Bf2 Bxd3 35. Qxd3 Bxh6 36. Qg6+ Qg7
37. Qe6+ Qf7 38. Qxh6 1-0

[Event "Yinzhou Cup Women World Teams"]
[Site "Ningbo CHN"]
[Date "2009.09.10"]
[EventDate "2009.09.02"]
[Round "8"]
[Result "1-0"]
[White "Maia Lomineishvili"]
[Black "Tatev Abrahamyan"]
[WhiteElo "2378"]
[BlackElo "2275"]
[PlyCount "103"]

1. d4 Nf6 2. c4 g6 3. Nc3 Bg7 4. e4 d6 5. Nf3 O-O 6. h3 e5
7. d5 a5 8. Bg5 Na6 9. Nd2 Qe8 10. Be2 Nd7 11. Nb3 b6 12. g4
f6 13. Be3 Kh8 14. Rg1 Ndc5 15. Nxc5 Nxc5 16. Qd2 f5 17. gxf5
gxf5 18. O-O-O f4 19. Bxc5 bxc5 20. Bg4 f3 21. Kb1 Qe7
22. Bxc8 Raxc8 23. Rg4 Qf6 24. Qg5 Qxg5 25. Rxg5 Bh6 26. Rg4
Rg8 27. Rdg1 Rxg4 28. Rxg4 Be3 29. Nd1 Bd4 30. Rg3 Rf8 31. Kc2
a4 32. Kd3 Rf4 33. a3 Rf8 34. Kc2 h6 35. b3 axb3+ 36. Kxb3 Kh7
37. Kc2 Rf4 38. Rg4 Rf8 39. Rg1 Rb8 40. Nc3 Bxf2 41. Rf1 Bd4
42. Rxf3 Rg8 43. Rf7+ Kg6 44. Rxc7 Bxc3 45. Kxc3 Kf6 46. Rd7
Rg3+ 47. Kb2 Re3 48. Rxd6+ Kf7 49. Rxh6 Rxe4 50. Kb3 Rd4
51. Re6 e4 52. h4 1-0

[Event "USA Women Championship"]
[Site "St Louis USA"]
[Date "2010.07.10"]
[EventDate "2010.07.10"]
[Round "1"]
[Result "1-0"]
[White "Tatev Abrahamyan"]
[Black "Camilla Baginskaite"]
[WhiteElo "2310"]
[BlackElo "2343"]
[PlyCount "115"]

1. e4 e5 2. Nf3 Nc6 3. Bc4 Bc5 4. c3 Nf6 5. d3 d6 6. O-O Bb6
7. Nbd2 O-O 8. h3 Ne7 9. Bb3 c6 10. Re1 Ng6 11. Nf1 Be6
12. Ng3 d5 13. Bg5 h6 14. Bxf6 Qxf6 15. Nh5 Qd8 16. exd5 Bxd5
17. Nxe5 Qh4 18. d4 Bxb3 19. axb3 Nxe5 20. Rxe5 Bc7 21. Re3 g6
22. Ng3 f5 23. Re6 Kg7 24. Qd3 a6 25. Rae1 Rf7 26. c4 Rd8
27. d5 cxd5 28. cxd5 Qb4 29. Rc1 Bd6 30. Rc4 Qb5 31. Qd4+ Kh7
32. Nf1 Qxb3 33. Ne3 Qb5 34. Qh4 Qd7 35. Rc2 Be7 36. Qc4 Bd6
37. Qd3 Re8 38. Rd2 b5 39. Qd4 Rfe7 40. Rxe7+ Qxe7 41. Rc2 h5
42. Rc6 f4 43. Nf1 f3 44. g3 Rf8 45. Rxa6 Qe5 46. Ra7+ Kg8
47. Qd3 Qf5 48. Qxf5 Rxf5 49. Ne3 Rf7 50. Ra6 Rd7 51. Rb6 Kf7
52. Rxb5 Rc7 53. Rb3 Ke7 54. Rc3 Rb7 55. Nc4 Rb5 56. Re3+ Kd7
57. Rxf3 Rxd5 58. Nb6+ 1-0

[Event "USA Women Championship"]
[Site "St Louis USA"]
[Date "2010.07.13"]
[EventDate "2010.07.10"]
[Round "4"]
[Result "0-1"]
[White "Iryna Zenyuk"]
[Black "Tatev Abrahamyan"]
[WhiteElo "2236"]
[BlackElo "2310"]
[PlyCount "72"]

1. d4 Nf6 2. c4 c5 3. d5 b5 4. cxb5 a6 5. bxa6 g6 6. Nc3 Bxa6
7. g3 Bg7 8. Bg2 d6 9. Nf3 Nbd7 10. Rb1 Qa5 11. O-O Nb6 12. a3
Bb7 13. b4 cxb4 14. axb4 Qa6 15. e4 O-O 16. Nd4 Qc4 17. Bb2
Nfd7 18. Nce2 Ra2 19. Qd2 Ne5 20. Rfc1 Qd3 21. Qxd3 Nxd3
22. Rc7 Nxb2 23. Rxb7 N2c4 24. Bf1 Rfa8 25. Nb3 e6 26. dxe6
fxe6 27. Ned4 Nd2 28. Nxd2 Bxd4 29. Rd1 Rf8 30. Nb3 Bxf2+
31. Kh1 Be3 32. Nc1 Ra1 33. Bh3 Re8 34. Re1 Nc4 35. Nd3 Ra3
36. Nb2 Nxb2 0-1

[Event "USA Women Championship"]
[Site "St Louis USA"]
[Date "2010.07.14"]
[EventDate "2010.07.10"]
[Round "5"]
[Result "1-0"]
[White "Tatev Abrahamyan"]
[Black "Abby Marshall"]
[WhiteElo "2310"]
[BlackElo "2182"]
[PlyCount "81"]

1. e4 e5 2. Nf3 Nc6 3. Bc4 Nf6 4. Ng5 d5 5. exd5 Na5 6. Bb5+
c6 7. dxc6 bxc6 8. Bd3 Bc5 9. O-O Ng4 10. Ne4 Bb6 11. h3 Nh6
12. Qh5 O-O 13. b4 Nb7 14. Bb2 Bd4 15. c3 Bb6 16. Bc4 Bf5
17. d3 Nd6 18. Nbd2 Nxc4 19. dxc4 Bg6 20. Qe2 f5 21. c5 Bc7
22. Nd6 e4 23. Rad1 Qh4 24. f3 Nf7 25. fxe4 Bh5 26. Nf3 Bxd6
27. cxd6 fxe4 28. Qc4 Qf4 29. Bc1 Qg3 30. Qxe4 Nxd6 31. Qxc6
Nf5 32. Rde1 Rac8 33. Qd5+ Kh8 34. Bb2 Rcd8 35. Qe5 Qg6
36. Nd4 Rfe8 37. Qxf5 Rxe1 38. Rxe1 Qg3 39. Qf2 Qd6 40. c4 Bg6
41. c5 1-0

[Event "USA Women Championship"]
[Site "St Louis USA"]
[Date "2010.07.15"]
[EventDate "2010.07.10"]
[Round "6"]
[Result "0-1"]
[White "Beatriz M Marinello"]
[Black "Tatev Abrahamyan"]
[WhiteElo "2160"]
[BlackElo "2310"]
[PlyCount "64"]

1. d4 Nf6 2. Nf3 g6 3. e3 Bg7 4. Be2 O-O 5. O-O d6 6. b3 e5
7. dxe5 Nfd7 8. Bb2 dxe5 9. Qc1 c6 10. Rd1 Re8 11. Nbd2 e4
12. Ne1 Bxb2 13. Qxb2 Qf6 14. Qxf6 Nxf6 15. Nc4 Be6 16. Nd6
Re7 17. c4 Na6 18. Nc2 Rd8 19. b4 c5 20. b5 Nb8 21. Nxe4 Rxd1+
22. Rxd1 Nxe4 23. Rd8+ Kg7 24. Rxb8 Rd7 25. Ne1 Nc3 26. Bf3 b6
27. Bd5 Nxd5 28. cxd5 Bxd5 29. Nf3 Bxa2 30. h3 f6 31. e4 Bc4
32. e5 Bxb5 0-1

[Event "USA Women Championship"]
[Site "St Louis USA"]
[Date "2010.07.17"]
[EventDate "2010.07.10"]
[Round "7"]
[Result "1-0"]
[White "Tatev Abrahamyan"]
[Black "Sabina-Francesca Foisor"]
[WhiteElo "2310"]
[BlackElo "2317"]
[PlyCount "103"]

1. e4 c5 2. Nf3 g6 3. d4 cxd4 4. Nxd4 Bg7 5. Nc3 Nc6 6. Be3
Nf6 7. Bc4 Qa5 8. O-O O-O 9. Bb3 d6 10. h3 Bd7 11. Re1 Rac8
12. Qe2 a6 13. Rad1 Rfe8 14. f4 Nh5 15. Qf2 Nxd4 16. Bxd4 Bxd4
17. Rxd4 Be6 18. Bxe6 fxe6 19. e5 d5 20. g4 Ng7 21. Re2 b5
22. a3 Rf8 23. Qe3 Qb6 24. Red2 Rc4 25. Ne2 a5 26. Kg2 b4
27. axb4 axb4 28. R4d3 Qa6 29. Nd4 Qa1 30. b3 Rcc8 31. Rf2 Kh8
32. Qd2 Qa5 33. Ne2 Rc5 34. Rd4 Rb8 35. Nc1 Rcb5 36. Ne2 Rc8
37. Ng3 Rf8 38. Kh2 Qb6 39. Nf1 Rc8 40. Ne3 Ne8 41. Ng2 Qb8
42. Re2 Nc7 43. Nh4 Rg8 44. f5 exf5 45. gxf5 g5 46. Ng6+ hxg6
47. Rh4+ Kg7 48. Qxg5 Kf8 49. Rh7 Qd8 50. f6 Ke8 51. f7+ Kd7
52. fxg8=Q 1-0

[Event "USA Women Championship"]
[Site "St Louis USA"]
[Date "2010.07.19"]
[EventDate "2010.07.10"]
[Round "9"]
[Result "0-1"]
[White "Katerina Rohonyan"]
[Black "Tatev Abrahamyan"]
[WhiteElo "2319"]
[BlackElo "2310"]
[PlyCount "118"]

1. Nf3 Nf6 2. c4 g6 3. Nc3 Bg7 4. g3 O-O 5. Bg2 d6 6. d3 h6
7. O-O e5 8. Rb1 a5 9. a3 Re8 10. e4 c6 11. h3 Be6 12. b3 Na6
13. d4 Qc7 14. Be3 a4 15. Nxa4 Nxe4 16. Rc1 exd4 17. Bxd4 Nac5
18. Nxc5 Nxc5 19. Bxg7 Kxg7 20. b4 Nd7 21. Rc3 c5 22. Nd2 f5
23. Re1 Bf7 24. Rxe8 Rxe8 25. Nf1 Nf6 26. Ne3 cxb4 27. axb4
Qb6 28. Rd3 Qxb4 29. Rxd6 Re6 30. Rd8 b6 31. Kh2 Qb2 32. Rd2
Qe5 33. Bd5 f4 34. Ng2 fxg3+ 35. fxg3 Nxd5 36. Rxd5 Qf6
37. Rb5 Rd6 38. Qg1 Bxc4 39. Rb1 b5 40. Qa7+ Qf7 41. Qb8 Rd2
42. Rxb5 Rxg2+ 43. Kxg2 Qf1+ 44. Kh2 Qe2+ 45. Kg1 Bxb5
46. Qc7+ Kg8 47. Qd8+ Qe8 48. Qd5+ Kh7 49. Qb7+ Qd7 50. Qb6
Bc6 51. g4 Bb7 52. Qf2 Qd1+ 53. Kh2 Qf3 54. Qd2 Bd5 55. g5
Qh1+ 56. Kg3 Qg1+ 57. Kh4 hxg5+ 58. Qxg5 Qf2+ 59. Qg3 g5+ 0-1